Statistics for Railway Stations in Bristol County (UK)

Click here to take the quiz!

General Stats

  • This quiz has been taken 6 times
  • The average score is 11 of 13

Answer Stats

Answer% Correct
Bedminster
100%
Bristol Temple Meads
100%
Clifton Down
100%
Montpelier
100%
Redland
100%
Avonmouth
83%
Lawrence Hill
83%
Stapleton Road
83%
Parson Street
67%
Portway Park & Ride
67%
Sea Mills
67%
Shirehampton
67%
St Andrews Road
67%

Score Distribution

Percentile by Number Answered

Percent of People with Each Score

Your Score History

You have not taken this quiz